Youpi [ 414 ]
J'ai compris !
<< Retourner aux résultats de la recherche| Auteur principal : | Pascal Ruffenach |
|---|---|
| Titre : | Youpi [ 414 ] |
| Support : | Livres |
| Langue : | Francais |
| Publié : |
2022 Bayard Presse Paris |
| Genre : |
Revues et magazines |
| Collection : |
5-8 ans |
| Sujets : | |
| Étiquettes : |
Pas de tags
|
| LEADER | 00782nas0a2200253 450 | ||
|---|---|---|---|
| 001 | 16859579 | ||
| 011 | |b Br. |d 5,95 | ||
| 100 | |a 20230228d2022 u u0frey01 ba | ||
| 101 | 1 | |a fre |c fre | |
| 102 | |a FR | ||
| 110 | 0 | |a afu 0uu0 | |
| 200 | 0 | |a Youpi [ 414 ] |e J'ai compris ! |f Pascal Ruffenach | |
| 207 | 1 | |a 414 | |
| 210 | |a Paris |b 3 Rue Bayard. |c Bayard Presse |d 2022 | ||
| 215 | |a 1 vol. (51 p.) |c ill. en coul. |d 19x21 cm | ||
| 225 | 1 | |a 5-8 ans | |
| 464 | |a La grande histoire du cochon | ||
| 464 | |a La nature en photo | ||
| 464 | |a Fabrique une boîte à odeurs | ||
| 676 | |a 070.17 | ||
| 700 | 0 | |a Ruffenach |b Pascal |4 340 | |
| 900 | |a Revues et magazines | ||
| 901 | |a Jeunesse | ||
| 995 | |a Médiathèque |c Médiathèque |f 089019401 |h 089019401 |k 070.17 YOU 414 |o p |q j |r az |e Médiathèque | ||